| 000 | 01179nam a2200277 i 4500 | ||
|---|---|---|---|
| 001 | 88938 | ||
| 003 | ES-MaACL | ||
| 005 | 20230906175957.0 | ||
| 007 | t| | ||
| 008 | 050113s1993 ne ||||1| eng d | ||
| 020 | _a90-5199-131-2 | ||
| 080 | _a615.8(063) | ||
| 111 | 2 |
_aTIDE Congress ( _n1º. _d1993. _cBrussels) _91123 |
|
| 245 | 1 | 0 |
_aRehabilitation technology _b: strategias for the European Union : proceedings of the ist TIDE Congress, 6-7 April 1993, Brussels / _cedited by E. Ballabio, I. Placencia-Porrero and R. Puig de la Bellacasa. |
| 260 |
_aAmsterdam [etc.] : _bIOS Press, _c1993. |
||
| 300 |
_a261 p. ; _c25 cm. |
||
| 490 | 1 |
_aStudies in health technology and informatics ; _v9 |
|
| 650 | 1 | 4 |
_aRehabilitación- _vCongresos y asambleas. _916772 |
| 700 | 1 |
_aBallabio, E. _924960 |
|
| 700 | 1 |
_aPlacencia-Porrero, I. _992501 |
|
| 700 | 1 |
_aPuig de la Bellacasa, R. _994262 |
|
| 711 | 2 |
_aTechnology for the social-economics integrations of the disabled and elderly people. Congress ( _n1º. _d1993. _cBrussels) _91121 |
|
| 830 | 0 |
_aStudies in health technology and informatics ; _v9 _9231855 |
|
| 852 |
_aES-MaACL _jE-10782 _bR.135159 |
||
| 999 |
_c88938 _d88938 |
||